<?xml version="1.0" encoding="UTF-8"?>
<record
    xmlns:xsi="http://www.w3.org/2001/XMLSchema-instance"
    xsi:schemaLocation="http://www.loc.gov/MARC21/slim http://www.loc.gov/standards/marcxml/schema/MARC21slim.xsd"
    xmlns="http://www.loc.gov/MARC21/slim">

  <leader>01509    a2200241   4500</leader>
  <controlfield tag="001">45876</controlfield>
  <controlfield tag="005">20260407155731.0</controlfield>
  <controlfield tag="008">260407a2002    arg                 spa d</controlfield>
  <controlfield tag="003">AR-UNSa-BCEJYS</controlfield>
  <datafield tag="040" ind1=" " ind2=" ">
    <subfield code="a">AR-UNSa-BCEJYS</subfield>
    <subfield code="b">spa</subfield>
    <subfield code="c">AR-UNSa-BCEJYS</subfield>
  </datafield>
  <datafield tag="080" ind1=" " ind2=" ">
    <subfield code="a">369.5</subfield>
    <subfield code="x">Seguro de vejez (de jubilaci&#xF3;n)</subfield>
  </datafield>
  <datafield tag="245" ind1="1" ind2="0">
    <subfield code="a">Pensiones no contribustivas y asistenciales</subfield>
    <subfield code="p">Argentina, Brasil, Chile, Costa Rica y Uruguay</subfield>
  </datafield>
  <datafield tag="020" ind1=" " ind2=" ">
    <subfield code="a">92-2-313259-2</subfield>
  </datafield>
  <datafield tag="264" ind1=" " ind2="1">
    <subfield code="a">Santiago :</subfield>
    <subfield code="b">Oficina Internacional del Trabajo</subfield>
    <subfield code="c">2002</subfield>
  </datafield>
  <datafield tag="300" ind1=" " ind2=" ">
    <subfield code="a">264 p.</subfield>
    <subfield code="c">23 cm.</subfield>
  </datafield>
  <datafield tag="505" ind1=" " ind2=" ">
    <subfield code="a">1. La protecci&#xF3;n social a trav&#xE9;s de las pensiones no contributivas y asistenciales en Am&#xE9;rica Latina / Fabio M. Bertranou, Carmen Solorio y Wouter van Ginneken &#x2013; 2. Beneficios sociales y pobreza en la Argentina: estudio del programa de pensiones no contributivas / Fabio M. Bertranou y Carlos O. Grushka &#x2013; 3. Beneficios sociales y los pobres en Brasil: programas de pensiones no convencionales  / Helmut Schwarzer y Ana Carolina Querino &#x2013; 4. Las pensiones no contributivas en Chile: Pensiones asistenciales (PASIS) / Pamela A. Gana Cornejo &#x2013; 5. Los programas de asistencia social en Costa Rica: El r&#xE9;gimen no contributivo de pensiones / Fabio Dur&#xE1;n Valverde &#x2013; 6. Estudio de programa de pensiones no contributivas en Uruguay / Rodolfo Saldain y Marcos Lorenzelli - </subfield>
  </datafield>
  <datafield tag="041" ind1=" " ind2=" ">
    <subfield code="a">spa</subfield>
  </datafield>
  <datafield tag="942" ind1=" " ind2=" ">
    <subfield code="c">BK</subfield>
  </datafield>
  <datafield tag="590" ind1=" " ind2=" ">
    <subfield code="a">niveau_biblio:m niveau_hierar:0</subfield>
  </datafield>
  <datafield tag="100" ind1="1" ind2=" ">
    <subfield code="a">Solorio, Carmen</subfield>
  </datafield>
  <datafield tag="700" ind1="1" ind2=" ">
    <subfield code="a">Bertranou, Fabio M.</subfield>
  </datafield>
  <datafield tag="700" ind1="1" ind2=" ">
    <subfield code="a">Ginneken, Wouter</subfield>
  </datafield>
  <datafield tag="999" ind1=" " ind2=" ">
    <subfield code="c">4044</subfield>
    <subfield code="d">4044</subfield>
  </datafield>
  <datafield tag="952" ind1=" " ind2=" ">
    <subfield code="0">0</subfield>
    <subfield code="1">0</subfield>
    <subfield code="4">0</subfield>
    <subfield code="7">0</subfield>
    <subfield code="a">BCEJYS</subfield>
    <subfield code="b">BCEJYS</subfield>
    <subfield code="c">16</subfield>
    <subfield code="d">2026-04-07</subfield>
    <subfield code="l">0</subfield>
    <subfield code="o">369.5 B548</subfield>
    <subfield code="p">L127218</subfield>
    <subfield code="r">2026-04-07 15:57:31</subfield>
    <subfield code="w">2026-04-07</subfield>
    <subfield code="y">L</subfield>
  </datafield>
</record>
